Principles of microbiology / (Record no. 2570)
[ view plain ]
| 000 -LEADER | |
|---|---|
| fixed length control field | 00519pam a2200181 a 4500 |
| 001 - CONTROL NUMBER | |
| control field | 2999074 |
| 005 - DATE AND TIME OF LATEST TRANSACTION | |
| control field | 20250115142426.0 |
| 008 - FIXED-LENGTH DATA ELEMENTS--GENERAL INFORMATION | |
| fixed length control field | 931213s1995 mouab b 001 0 eng |
| 020 ## - INTERNATIONAL STANDARD BOOK NUMBER | |
| International Standard Book Number | 9780801677908 |
| 050 00 - LIBRARY OF CONGRESS CALL NUMBER | |
| Classification number | QR41.2 |
| Item number | .A843 1995 |
| 082 00 - DEWEY DECIMAL CLASSIFICATION NUMBER | |
| Classification number | 576 |
| Edition information | 20 |
| 100 1# - MAIN ENTRY--PERSONAL NAME | |
| Personal name | Atlas, Ronald M., |
| Dates associated with a name | 1946- |
| 245 10 - TITLE STATEMENT | |
| Title | Principles of microbiology / |
| Statement of responsibility, etc. | Ronald M. Atlas. |
| 260 ## - PUBLICATION, DISTRIBUTION, ETC. | |
| Place of publication, distribution, etc. | St. Louis : |
| Name of publisher, distributor, etc. | Mosby, |
| Date of publication, distribution, etc. | c1995. |
| 300 ## - PHYSICAL DESCRIPTION | |
| Extent | xxii, 888 p. : |
| Other physical details | ill. (some col.), col. maps ; |
| Dimensions | 29 cm. |
| 650 #0 - SUBJECT ADDED ENTRY--TOPICAL TERM | |
| Topical term or geographic name entry element | Microbiology. |
| 942 ## - ADDED ENTRY ELEMENTS (KOHA) | |
| Source of classification or shelving scheme | Library of Congress Classification |
| Koha item type | Books |
| Suppress in OPAC | No |
| 999 ## - | |
| -- | 2570 |
| -- | 2570 |
| Withdrawn status | Lost status | Source of classification or shelving scheme | Damaged status | Not for loan | Collection | Home library | Current library | Shelving location | Date acquired | Total checkouts | Full call number | Barcode | Date last seen | Copy number | Price effective from | Koha item type |
|---|---|---|---|---|---|---|---|---|---|---|---|---|---|---|---|---|
| Library of Congress Classification | Non-fiction | Science Library (Miotso) | Science Library (Miotso) | General stacks | 01/15/2025 | QR41.2 .A843 ATL | SLM00001863 | 01/15/2025 | 1 | 01/15/2025 | Books | |||||
| Library of Congress Classification | Non-fiction | Science Library (Miotso) | Science Library (Miotso) | General stacks | 01/15/2025 | QR41.2 .A843 ATL | SLM00001864 | 01/15/2025 | 2 | 01/15/2025 | Books |